000 00391nam a2200181Ia 4500
001 5154
005 20260306145847.0
008 260306t2002||||xx |||||||||||||| ||spa||
041 _aESP
082 _a336
_bV43
100 _aVento Ortiz, Alfredo
_eAUT
245 0 _aFinanzas aplicadas
260 _c2002
300 _a
_c
650 _aGEN
654 _aCAN
942 _cLIB
_dJUS
_fJUS
_2ddc
_n
999 _c5154
_d5154